| 000 | 00794nam a22002052i 4500 | ||
|---|---|---|---|
| 001 | 163509 | ||
| 003 | ES-MaACL | ||
| 005 | 20231103062536.0 | ||
| 008 | 050713m18651866gw | |||||||| ||ger d | ||
| 040 |
_aCAM _bspa _cCAM |
||
| 100 | 1 |
_aRichter, Carl. _9131800 |
|
| 245 | 1 | 0 |
_aStaats-und Gesellschafts-reicht der Französischen Revolution von 1789-1804 / _cdargestellt von Carl Richter. |
| 260 |
_aBerlin : _bJulius Springer, _c1865-1866 ( _fJoh. Benda & Co.) |
||
| 300 |
_a2 v. (X, 499; 699 p.) ; _c23 cm. |
||
| 490 | 1 | _aNeuere verfassungs-geschichte der Staaten Europas | |
| 651 | 4 |
_aFrancia- _xHistoria- _y1789-1799, Revolución _98685 |
|
| 830 | 0 |
_aNeuere verfassungs-geschichte der Staaten Europas _9222278 |
|
| 852 |
_aES-MaACL _jG-2542-43 _z-- Enc. hol. |
||
| 999 |
_c163509 _d163509 |
||